000 00478cam a22001934a 4500
005 20250605164301.0
008 250528s ||||||||||||||||||||||||d
035 _a22090
020 _a9781849206037
040 _aGR-AtMCL
_bgre
_dGR-AtMCL
_eAACR2
245 1 _aEMOTIONAL LITERACY IN THE EARLY YEARS
250 _a1
260 _bSage Publications,
_c2010
300 _a108
700 1 _aBruce Christine
_97967
942 _cBK
999 _c7146
_d7146